00793nam a2200229Ia 450000500170000000800410001702000220005804000190008004100120009908200190011110000200013024500560015026000780020630000150028450400360029965000290033565100470036485000100041194200070042199900170042895201180044520230320142612.0131103s9999 xx 000 0 und d a271006447cRs 595 aLoreto College aEnglish a822.8bIBS-JOH aJohnston, Brian aText and supertext in Ibsen's dramacBrian Johnston aUniversity Park and LondonbThe Pennsylvania State University Pressc1989 aviii,299p  aIncludes bibliography and index aIbsen, Henrik, 1828-1906 aIbsen, Henrik-Criticism and interpretation aLCLIB cBK c19244d69723 00102ddc4070aMAINbMAINd2013-11-04l6o822.8 IBS-JOH 46310pB20242r2026-02-26s2026-02-16w2013-11-04yBKf